000 00753nam a2200229 i 4500
001 124770
003 ES-MaACL
005 20230906192508.0
007 t|
008 070418s1922 sp ||||1| spa d
080 _a821.134.2-22"18"
100 1 _aLinares Rivas, Manuel.
_972355
245 1 3 _aLa razón de la sinrazón--
_b: quisicosa en un acto /
_coriginal de Manuel Linares Rivas.
260 _a[Madrid :
_bLa Novela Teatral,
_c1922]
300 _a8 h. ;
_c20 cm.
490 1 _aLa novela teatral ;
_v292
500 _aEn la cub. caricatura de Francisco Pierrá por Tovar.
700 0 _aTovar
_c, ilustrador.
_9157378
830 0 _aLa novela teatral ;
_v292
_9122427
852 _aES-MaACL
_j2216-F-15
_bR.138789
999 _c124770
_d124770